=LDR 00000nam 2200000 4500 =001 INLIS000000000036075 =005 20251023115858 =035 ##$$a 0010-061300000036075 =008 251023###########################0#ind## =041 ##$$a Ind =082 ##$$a 028.5 =090 ##$$a F Rom K, Yan m =100 ##$$a Yann =245 1#$$a Marsupilami foodlandia, /$c Yann ; alih bahasa, Bunga Chetah Anastasia =260 ##$$a Jakarta :$b Elex media Komputindo,$c 2011 =300 ##$$a 46 hlm, : $b ilus ; $c 18 x 24 cm =650 #4$$a Fiksi anak-anak =700 #$$a Anastasia, Bunga-Chetah =850 ##$$a NBPNMAT =084 ##$$a 028.5 YAN m =990 ##$$a 21194766/BPAP-NTB/2014 =990 ##$$a 21196967/BPAP-NTB/2014 =990 ##$$a 21603090/BPAP-NTB/2017 =990 ##$$a 21100976 =990 ##$$a 21194766/BPAP-NTB/2014 =990 ##$$a 21196967/BPAP-NTB/2014